00463nam a2200109Ia 4500008004100000100001800041245010200059260003600161650009800197650001400295856004400309171212s9999 xx 000 0 und d aHertzog, Mark cHertzog, MarkaThe Lavender VotebLesbians, Gay Men, and Bisexuals in American Electoral Politics bNew York University Pressc1996 aGays -- United States -- Political activity; Bisexuals -- United States -- Political activity aSociology uhttp://www.jstor.org/stable/j.ctt9qg2xq